Identifikácia sieťových zariadení napadnutých škodlivým softvérom

Na minha lista:
Detalhes bibliográficos
Autor principal: Fránik, Milan (Author)
Outros Autores: Košinár, Peter (Thesis advisor)
Formato: Manuscrito Livro
Idioma:eslovaco
Publicado em: 2016
Assuntos:
Acesso em linha:http://is.stuba.sk/zp/portal_zp.pl?podrobnosti=131381
Tags: Adicionar Tag
Sem tags, seja o primeiro a adicionar uma tag!

MARC

LEADER 00000ntm a22000003a 4500
001 stuzp58912
003 SK-STU
005 20160719155714.0
007 ta
008 150427s2015----xo-----f-mn---000-0-slo-d
040 |a STU  |b slo 
041 0 |a slo 
100 1 |a Fránik, Milan  |u 070400  |k Z4  |4 aut  |U FIIT Fakulta informatiky a informačných technológií  |T FIIT Ústav počítačového inžinierstva a aplikovanej informatiky  |X 46205  |U I400  |Y 672  |7 A000046205 
242 0 1 |a Identifying network devices attacked by malware  |y eng 
245 1 0 |a Identifikácia sieťových zariadení napadnutých škodlivým softvérom 
260 |c 2016 
650 4 |a exploit  |2 slo 
650 4 |a Linux  |2 slo 
650 4 |a malvér  |2 slo 
650 4 |a škodlivý kód  |2 slo 
650 4 |a smerovač  |2 slo 
650 4 |a sieťové zariadenia  |2 slo 
650 4 |a exploit  |2 eng 
650 4 |a Linux  |2 eng 
650 4 |a malware  |2 eng 
650 4 |a router  |2 eng 
650 4 |a embedded devices  |2 eng 
700 1 |a Košinár, Peter  |4 ths  |X 73722  |7 73722 
856 4 |u http://is.stuba.sk/zp/portal_zp.pl?podrobnosti=131381 
996 |b 8215  |c I* DIP 39/2016  |l II680  |s P  |a 0  |w stuzp58912_0001 
SQL |a stuzp58912  |b DDP  |c SLO  |d Identifikácia sieťových zariadení napadnutých škodlivým softvérom  |e 46205  |f Fránik, Milan  |g 070400  |h 73722  |i Košinár, Peter  |j 20160613  |k 211  |l 07  |m http://is.stuba.sk/zp/portal_zp.pl?podrobnosti=131381  |n I-SI2  |o 9.2.5. softvérové inžinierstvo